000 00403nam a2200133Ia 4500
008 100328s9999 xx 000 0 und d
082 _b65426
100 _aतेंडुलकर प्रिया.
245 _aपंचतारांकित.
260 _bराजहंस.
630 _aपंचतारांकित.
730 _aपंचतारांकित.
942 _cBOOK
999 _c551172
_d551169